| 000 | 00357nam a22001337a 4500 | ||
|---|---|---|---|
| 082 |
_a891.4393 _bMAN |
||
| 100 | _aManto, Saadat Hassan | ||
| 245 |
_aManto kay 100 afsanay: part-1 / _cSaadat Hassan Manto |
||
| 260 |
_aLahore: _bMushtaq Book Corner; _c2005. |
||
| 300 | _a816p. | ||
| 563 | _aHB. | ||
| 650 |
_aAfsanay _aurdu novel _9123823 |
||
| 942 |
_2ddc _cBK |
||
| 999 |
_c609890 _d609890 |
||